The Youth group how-to book: (Record no. 14774)

000 -LEADER
fixed length control field 00817nam a2200205 a 4500
001 - CONTROL NUMBER
control field :::00012608$&:&@@
003 - CONTROL NUMBER IDENTIFIER
control field OkBaRHE
005 - DATE AND TIME OF LATEST TRANSACTION
control field 20000607103421.0
008 - FIXED-LENGTH DATA ELEMENTS--GENERAL INFORMATION
fixed length control field s1981 j 000 0 eng u
020 ## - INTERNATIONAL STANDARD BOOK NUMBER
International Standard Book Number 0936664037 (pbk.)
040 ## - CATALOGING SOURCE
Transcribing agency
245 14 - TITLE STATEMENT
Title The Youth group how-to book:
Remainder of title 66 practical projects and programs to help you build a better youth group.
Statement of responsibility, etc Edited by Lee Sparks ; designed by Laurel Watson.
260 ## - PUBLICATION, DISTRIBUTION, ETC. (IMPRINT)
Place of publication, distribution, etc Loveland, CO., :
Name of publisher, distributor, etc Group Books
Date of publication, distribution, etc c1981
300 ## - PHYSICAL DESCRIPTION
Extent 224 p. : illus. ;
Dimensions 28 cm.
650 ## - SUBJECT ADDED ENTRY--TOPICAL TERM
Topical term or geographic name as entry element Youth
General subdivision Societies and Clubs
700 ## - ADDED ENTRY--PERSONAL NAME
Personal name Sparks, Lee, Ed.
942 ## - ADDED ENTRY ELEMENTS (KOHA)
Source of classification or shelving scheme
Koha item type Books
Copies
Koha item type Withdrawn status Full call number Barcode Not for loan Permanent Location Price effective from Copy number Lost status Date last seen Source of classification or shelving scheme Date acquired Shelving location Damaged status
Books HQ 796 .Y59312608 RHEMA Bible Training College2010-04-141 2010-04-14 2010-04-14General Stacks 
Books HQ 796 .Y59315946 RHEMA Bible Training College2010-04-142 2010-04-14 2010-04-14General Stacks